000 02964nab a2200325 a 4500
005 20250622130825.0
008 991125c2016 sp ar p o 000 0 spa d
035 _aUPN01000213786
040 _aMX-MxUPN
_bspa
_cMX-MxUPN
_eaacr2
049 _aART-E
100 1 _aNyberg Sorensen, Ninna
_6- nns@diis.dk
100 1 _aVammen, Ida Marie
245 1 0 _a¿A quién le importa? Las familias transnacionales en los debates sobre la migración y el desarrollo
336 _atexto$2rdacontent
337 _acomputadora$2rdamedia
338 _arecurso en linea$2rdacarrier
362 0 _a2016 Vol. 7, no. 1
520 3 _aLa migración internacional pone en marcha una serie de procesos transnacionales significativos que conectan países y personas. Desde el inicio del nuevo milenio, el modo en como la migración interactúa con el desarrollo, y cómo las políticas públicas pueden promover y enriquecer tales interacciones, han captado la atención de la agenda internacional. Forma parte de este debate reconocer que las prácticas transnacionales conectan a los migrantes y a sus familias a través de sociedades que envían y reciben personas. Sin embargo, siguen sin explorarse las maneras por medio de las cuales el debate político utiliza y comprende esos lazos familiares transnacionales. Este artículo pretende aproximarse a la comprensión de estas familias situándolas en dos debates, frecuentemente entremezclados, relacionados con las interacciones transnacionales. El primero remite al discurso estatal y político sobre los beneficios potenciales de la migración en el desarrollo económico. El segundo se refiere a las familias transnacionales, y se centra en los cuidados y en las micro-políticas de género y generacionales, cuestiones estas a las que se ha dedicado una gran literatura académica. Focalizando la atención en la relación entre las diversas dinámicas de desarrollo migratorio y las posiciones familiares específicas, nos preguntamos, más concretamente, si la elección de un punto de partida analítico con respecto a la maternidad, la paternidad o la niñez transnacionales puede vincularse con el énfasis en un determinado tipo de resultados. Concluimos, haciendo una descripción de distintas inclusiones o exclusiones de los asuntos familiares en el discurso político, y sugerimos formas para integrar de una manera más adecuada la perspectiva de la familia transnacional en las políticas públicas de migración y desarrollo a nivel global.
541 _aAcceso gratuito
653 0 _aMIGRACION
653 0 _aFAMILIA TRANSNACIONAL
653 0 _aRELACIONES FAMILIARES
653 0 _aGENERO
773 _gVol. 7, no. 1 (2016), p. 191-220
_tInvestigaciones feministas
_x2171-6080
856 4 _uhttps://revistas.ucm.es/index.php/INFE/article/view/52707
856 4 _uhttps://doi.org/10.5209/rev_INFE.2016.v7.n1.52707
902 _aGloria Jiménez/100225
905 _aArticulo
942 _cART-E
999 _c185886
_d185886